| 000 | 02818nam a2200397 a 4500 | ||
|---|---|---|---|
| 001 | ebr10211458 | ||
| 003 | CaPaEBR | ||
| 006 | m u | ||
| 007 | cr cn||||||||| | ||
| 008 | 060801s2007 enka sb 001 0 eng | ||
| 010 | _z 2006025024 | ||
| 015 |
_aGBA680141 _2bnb |
||
| 016 | 7 |
_z013557436 _2Uk |
|
| 020 | _z0754643867 (alk. paper) | ||
| 020 | _z9780754643869 (alk. paper) | ||
| 040 |
_aCaPaEBR _cCaPaEBR |
||
| 035 | _a(OCoLC)320322820 | ||
| 050 | 1 | 4 |
_aHQ1154 _b.G378 2007eb |
| 082 | 0 | 4 |
_a305.43/640918210904 _222 |
| 245 | 0 | 0 |
_aGender and consumption _h[electronic resource] : _bdomestic cultures and the commercialisation of everyday life / _cedited by Emma Casey and Lydia Martens. |
| 260 |
_aAldershot, England ; _aBurlington, VT : _bAshgate, _cc2007. |
||
| 300 |
_aix, 246 p. : _bill. |
||
| 504 | _aIncludes bibliographical references and index. | ||
| 505 | 0 | _aIntroduction / Emma Casey and Lydia Martens -- Class, gender and domestic consumption in Britain, 1920-1950 / Judy Giles -- The feminist and the cook : Julia Child, Betty Friedan, and domestic femininity / Joanne Hollows -- Gender and the destalinization of consumer taste in the Soviet Union under Khrushchev / Susan E. Reid -- Making sameness : mothering, commerce and the culture of children's birthday parties / Alison J. Clarke -- Perceptions of commercialised social introduction services amongst women / Jacqueline Davidson -- Consuming pleasure on the wedding day : the lived experience of being a bride / Sharon Boden -- Gambling and everyday life : working class mothers and domestic spaces of consumption / Emma Casey -- Gender, class, emotional capital and consumption in family life / Elizabeth B. Silva -- The sensory home as a site of consumption : everyday laundry practices and the production of gender / Sarah Pink -- Consumption and sexual intimacy : towards an understanding of intimate cultures in everyday life / Dana Wilson-Kovacs -- Gender at play : d�ecor differences between boys' and girls' bedrooms / Irene Cieraad -- Afterword : gender, consumer culture and promises of bettermen in late modernity / Lydia Martens and Emma Casey. | |
| 533 |
_aElectronic reproduction. _bPalo Alto, Calif. : _cebrary, _d2013. _nAvailable via World Wide Web. _nAccess may be limited to ebrary affiliated libraries. |
||
| 650 | 0 |
_aWomen _xSocial life and customs _y20th century. |
|
| 650 | 0 |
_aWomen _xSocial conditions _y20th century. |
|
| 650 | 0 | _aWomen consumers. | |
| 650 | 0 |
_aConsumption (Economics) _xSocial aspects. |
|
| 650 | 0 | _aHome economics. | |
| 655 | 7 |
_aElectronic books. _2local |
|
| 700 | 1 | _aCasey, Emma. | |
| 700 | 1 | _aMartens, Lydia. | |
| 710 | 2 | _aebrary, Inc. | |
| 856 | 4 | 0 |
_uhttp://site.ebrary.com/lib/rucke/Doc?id=10211458 _zAn electronic book accessible through the World Wide Web; click to view |
| 999 |
_c125500 _d125500 |
||